2028 Could-Be Democratic Candidates - Statistics

General Stats
  • This quiz has been taken 20 times
    9 since last reset
  • The average score is 17 of 25
Answer Stats
Picture Answer % Correct
Alexandria Ocasio-Cortez
100%
Gavin Newsom
100%
Kamala Harris
100%
Tim Walz
100%
Andrew Cuomo
88%
JB Pritzker
88%
Josh Shapiro
88%
Pete Buttigieg
88%
Andy Beshear
75%
Cory Booker
75%
Gretchen Whitmer
75%
Jasmine Crockett
75%
Stephan A. Smith
75%
Amy Klobuchar
63%
Chris Murphy
63%
Jon Ossoff
63%
Mark Kelly
63%
Ruben Gallego
63%
Maura Healey
50%
Rahm Emanuel
50%
Ro Khanna
50%
Dean Phillips
38%
Gina Raimondo
38%
Roy Cooper
38%
Jamie Raskin
25%
No matching quizzes found
Score Distribution
Percent of People with Each Score
Percentile by Number Answered
Your Score History
You have not taken this quiz since the last reset